000 00671nam a22002177a 4500
003 UA-OsUOA
001 36128
007 ta
008 20060706b un ||||| |||| 00| 0 ukr d
090 _a883.3(09)
_bВ36
942 _cBK
040 _aUA-OsUOA
_bukr
_cUA-OsUOA
_dUA-OsUOA
245 _aВерховина
_bЗбірник наукових праць на пошану професора Олекса Мишанича з нагоди його 70-річчя
300 _a368 с.
955 _a1
041 _aukr
080 _a883.3(09)
260 _aДрогобич
_bКоло
_c2003
650 7 _a883 Українська література
_2UDC
999 _c434659
_d434659